logo

Bir Sreshtho Munshi Abdur Rouf Library
Jhenaidah Cadet College

কৃষ্টির ভূমিপুত্র রণজিৎ বাওয়ালী: জীবন ও গান / (Record no. 11298)

MARC details
000 -LEADER
fixed length control field 00768nam a2200229 a 4500
001 - CONTROL NUMBER
JCCL Control Number 11298
003 - CONTROL NUMBER IDENTIFIER
JCCL marc code BD-JhCC
005 - DATE AND TIME OF LATEST TRANSACTION
control field 20190825103758.0
008 - FIXED-LENGTH DATA ELEMENTS--GENERAL INFORMATION
fixed length control field 190624s 2016bg a|||| ||a| 000 0 ben d
020 ## - INTERNATIONAL STANDARD BOOK NUMBER
International Standard Book Number 9789848948828
035 ## - SYSTEM CONTROL NUMBER
system control number (BD-JhCC)11298
040 ## - CATALOGING SOURCE
Original cataloging agency BD-JhCC
Modifying agency BD-JhCC
041 ## - LANGUAGE CODE
Language code of Book ben
082 ## - DEWEY DECIMAL CLASSIFICATION NUMBER
Author mark and Year MON 2016
Classification number 780
100 ## - MAIN ENTRY--PERSONAL NAME
Personal name মণ্ডল,লিঠু
245 ## - TITLE STATEMENT
Title কৃষ্টির ভূমিপুত্র রণজিৎ বাওয়ালী: জীবন ও গান /
Statement of responsibility, etc লিঠু মণ্ডল ।
260 ## - PUBLICATION, DISTRIBUTION, ETC. (IMPRINT)
Place of publication, distribution, etc ঢাকা:
Name of publisher, distributor, etc কলি প্রকাশনী;
Date of publication, distribution, etc ২০১৬.
300 ## - PHYSICAL DESCRIPTION
Pagination ১২৬ পৃ. :
Other physical details ill;
Dimensions ২২ সেমি.
650 ## - SUBJECT ADDED ENTRY--TOPICAL TERM
Topical term or geographic name as entry element Bengali Music
942 ## - ADDED ENTRY ELEMENTS (KOHA)
Source of classification or shelving scheme Dewey Decimal Classification
Koha item type Books
Holdings
Source of classification or shelving scheme Damaged status Not for loan Home library Current library Shelving location Date of accession Cost, normal purchase price Total Checkouts Full call number Barcode Date last seen Copy number Koha item type
Dewey Decimal Classification     JCC Rouf Library JCC Rouf Library General Stacks 06/24/2019 176.00   780 MON 2016 15373 08/24/2019 C-1 Books

JCC Library | Contacts | JCC Home

Last Update on 23 September 2017
Copyright @ 2017-2020 JCC Rouf Library
Rouf Library, Jhenidah Cadet College (JCC), Bangladesh